[Event "Cto de Aragon por Equipos - Preferente Grupo II"]
[Site ""]
[Date "2022.02.19"]
[Round "4.71"]
[White "Garreta Nieto, Maria"]
[Black "Perez Tomas, Juan Manuel"]
[Result "1-0"]
[WhiteElo "1748"]
[BlackElo "1638"]
[PlyCount "0"]
[WhiteTeam "Monzon"]
[BlackTeam "Marcos Frechin B"]
[EventDate "2022.01.29"]

1. d4 g6 2. c4 Nf6 3. Nc3 Bg7 4. Nf3 d6 5. Bg5 Nbd7 6. e3 O-O 7. Be2 e5 8. O-O
h6 9. Bh4 g5 10. Bg3 Nh5 11. Rc1 Nxg3 12. hxg3 f5 13. dxe5 dxe5 14. Qd5+ Kh8
15. Rfd1 c6 16. Qd2 Qe8 17. a3 Nf6 18. Qd6 Ng4 19. Nh2 h5 20. e4 f4 21. gxf4
exf4 22. f3 Ne3 23. Rd3 Nxc4 24. Qc5 Ne5 25. Rd2 a5 26. Qd6 g4 27. b3 Be6 28.
b4 axb4 29. Qxb4 b5 30. a4 g3 31. Nf1 Bc4 32. axb5 Bxe2 33. Nxe2 cxb5 34. Nd4
h4 35. Nf5 Rxf5 36. exf5 h3 37. Qxf4 Nc4 38. Rdc2 hxg2 39. Kxg2 Ra6 40. Qh4+
Kg8 41. Rxc4 bxc4 42. Qxc4+ 1-0

[Event "Cto de Aragon por Equipos - Preferente Grupo II"]
[Site ""]
[Date "2022.02.19"]
[Round "4.72"]
[White "Guerra Malo, Adrian"]
[Black "Ocabo Vera, Pedro Aristides"]
[Result "1-0"]
[WhiteElo "1317"]
[BlackElo "1632"]
[PlyCount "0"]
[WhiteTeam "Marcos Frechin B"]
[BlackTeam "Monzon"]
[EventDate "2022.01.29"]

1. d4 Nf6 2. Bf4 b6 3. c3 Bb7 4. e3 e6 5. Nf3 Be7 6. Nbd2 Ne4 7. Nxe4 Bxe4 8.
Be2 O-O 9. O-O d6 10. Nd2 Bb7 11. Bf3 d5 12. Be2 Nd7 13. Nf3 c5 14. Bd3 Nf6 15.
Ne5 Rc8 16. Bb5 c4 17. Ba4 a6 18. Bg5 b5 19. Bc2 Ne4 20. Bxe7 Qxe7 21. Qh5 f5
22. Bxe4 dxe4 23. Qe2 Rf6 24. a4 Qe8 25. axb5 Qxb5 26. Ra3 Bd5 27. Rfa1 Rff8
28. Ra5 Qb7 29. R1a4 1-0

[Event "Cto de Aragon por Equipos - Preferente Grupo II"]
[Site ""]
[Date "2022.02.26"]
[Round "5.53"]
[White "Jario Garcia, Ricardo"]
[Black "Ruiz Fernandez, Daniel"]
[Result "1-0"]
[WhiteElo "2010"]
[BlackElo "1803"]
[PlyCount "0"]
[WhiteTeam "Marcos Frechin B"]
[BlackTeam "MyInvestor Casablanca C"]
[EventDate "2022.01.29"]

1. e4 c5 2. Nf3 d6 3. g3 Nf6 4. d3 g6 5. Bg2 Bg7 6. O-O O-O 7. Qe2 Nc6 8. c3 e5
9. Nbd2 h6 10. Rb1 Be6 11. a3 Qe7 12. b4 cxb4 13. axb4 a6 14. Rd1 d5 15. Nb3
dxe4 16. dxe4 b5 17. Ne1 Bc4 18. Qc2 a5 19. bxa5 Nxa5 20. Nxa5 Rxa5 21. Nd3 Rd8
22. Nb4 Rxd1+ 23. Qxd1 Ra8 24. Rb2 Rd8 25. Rd2 Rxd2 26. Qxd2 Qd7 27. Qxd7 Nxd7
28. Be3 Bf8 29. Bf1 Bxf1 30. Kxf1 Nc5 31. Bxc5 Bxc5 32. Nd5 Bd6 33. Ke2 f5 34.
Kd3 Kf7 35. f3 Ke6 36. h3 h5 37. Ne3 Bc5 38. Nd5 Bd6 39. Kc2 g5 40. g4 fxg4 41.
fxg4 hxg4 42. hxg4 Kd7 43. c4 bxc4 44. Kc3 Ke6 45. Kxc4 Ba3 46. Kb5 Bc1 47. Kc6
Bd2 48. Nc7+ Kf6 49. Kd7 Kf7 50. Kd6 Bf4 51. Nd5 Bg3 52. Nb6 Kf6 53. Nd7+ Kf7
54. Kd5 Ke7 55. Nxe5 Kf6 56. Nc6 Bf4 57. e5+ Kf7 58. Kd6 Ke8 59. Ke6 Bc1 60.
Nd4 1-0

[Event "Cto de Aragon por Equipos - Preferente Grupo II"]
[Site ""]
[Date "2022.02.26"]
[Round "5.54"]
[White "Bello Cera, Raul"]
[Black "Lopez Lozano, David"]
[Result "0-1"]
[WhiteElo "1641"]
[BlackElo "1745"]
[PlyCount "0"]
[WhiteTeam "MyInvestor Casablanca C"]
[BlackTeam "Marcos Frechin B"]
[EventDate "2022.01.29"]


1. e4 c5 2. Nf3 Nc6 3. d4 cxd4 4. Nxd4 d6 5. Nc3 Nf6 6. Bc4 e6 7. f3 a6 8. Be3
Qc7 9. Bb3 Bd7 10. Qd2 Be7 11. O-O-O Na5 12. h4 Nxb3+ 13. Nxb3 b5 14. g4 a5 15.
Nd4 Rb8 16. h5 h6 17. g5 hxg5 18. Bxg5 b4 19. Nce2 a4 20. h6 g6 21. Ng3 Rb6 22.
f4 b3 23. a3 e5 24. Nde2 bxc2 25. Qxc2 Rc6 26. Nc3 Be6 27. Rdf1 Ng4 28. Qd2
Bxg5 29. fxg5 O-O 30. Kb1 Rb8 31. Nd5 Qb7 32. Rc1 Rxc1+ 33. Kxc1 Qb3 34. Qc3
Kh7 35. Rd1 Rc8 36. Nc7 Qxc3+ 37. bxc3 Rxc7 38. Ne2 Rc6 0-1

[Event "Cto de Aragon por Equipos - Preferente Grupo II"]
[Site ""]
[Date "2022.02.26"]
[Round "5.55"]
[White "Garcia Mendez, Beatriz"]
[Black "Sese Serrano, Isaac"]
[Result "1-0"]
[WhiteElo "1692"]
[BlackElo "1262"]
[PlyCount "0"]
[WhiteTeam "Marcos Frechin B"]
[BlackTeam "MyInvestor Casablanca C"]
[EventDate "2022.01.29"]

1. c4 Nf6 2. g3 e6 3. Bg2 c6 4. e4 b6 5. e5 Ng8 6. Nf3 d5 7. cxd5 cxd5 8. O-O
Ne7 9. d4 Nbc6 10. Nc3 Nf5 11. Bg5 Be7 12. Bxe7 Qxe7 13. Rc1 Bb7 14. g4 Nh6 15.
Nb5 O-O 16. h3 f5 17. exf6 Rxf6 18. g5 Rxf3 19. Bxf3 Nf5 20. Re1 Qxg5+ 21. Kh1
Qh4 22. Bg4 Nce7 23. Qe2 e5 24. Qxe5 Rf8 25. Qe6+ Kh8 26. Bxf5 Rxf5 27. Qxf5
1-0

[Event "Cto de Aragon por Equipos - Preferente Grupo II"]
[Site ""]
[Date "2022.02.26"]
[Round "5.56"]
[White "Perez Artigues, Ramon"]
[Black "Perez Tomas, Juan Manuel"]
[Result "0-1"]
[WhiteElo "1145"]
[BlackElo "1638"]
[PlyCount "0"]
[WhiteTeam "MyInvestor Casablanca C"]
[BlackTeam "Marcos Frechin B"]
[EventDate "2022.01.29"]

1. e4 c5 2. d4 cxd4 3. c3 dxc3 4. Nxc3 e6 5. Nf3 a6 6. Bc4 Qc7 7. Bb3 Nc6 8.
O-O Nf6 9. Qe2 Ng4 10. g3 Bc5 11. Bf4 d6 12. Nd5 exd5 13. exd5+ Nce5 14. Nxe5
Nxe5 15. Bxe5 dxe5 16. Rac1 Qd6 17. Rfe1 O-O 18. Qxe5 Qxe5 19. Rxe5 Bd4 20. Re7
Bxb2 21. Rcc7 Bf6 22. Re1 b5 23. d6 Bf5 24. d7 Rad8 25. Rd1 Be6 26. Kg2 a5 27.
Bxe6 fxe6 {[%cal Gg8f7,Gf7e7,Gf6e5,Ge5d6]} 28. Rb7 b4 29. Rd6 Rf7 30. Rc7 Be5
31. Rc8 Rff8 32. Rxe6 Bd4 33. Re8 Bf6 34. Rcxd8 Bxd8 35. Kf1 Kf7 36. Ke2 Rxe8+
37. dxe8=Q+ Kxe8 38. Kd3 a4 39. Kc4 Be7 40. f3 Kf7 41. g4 Kg6 42. h4 h5 43. g5
Kf5 0-1

[Event "Cto de Aragon por Equipos - Preferente Grupo II"]
[Site ""]
[Date "2022.02.26"]
[Round "5.57"]
[White "Franco Ibanez, Carlos"]
[Black "Accattato Martin, Mario"]
[Result "1-0"]
[WhiteElo "1913"]
[BlackElo "2256"]
[PlyCount "0"]
[WhiteTeam "Shatranj"]
[BlackTeam "Monzon"]
[EventDate "2022.01.29"]

1. Nf3 d5 2. d4 Nf6 3. c4 c6 4. Nc3 g6 5. cxd5 cxd5 6. Qb3 h6 7. Ne5 Bg7 
8. e4 O-O 9. exd5 Nbd7 10. Be2 Nb6 11. Bf3 g5 12. h3 Nfd7 13. Nxd7 Bxd7 
14. Be3 Kh8 15. O-O f5 16. Rad1 Qe8 17. Rfe1 Nc8 18. Qxb7 Nd6 19. Qa6 h5 
20. Bxg5 Bf6 21. Bxf6+ Rxf6 22. Qe2 Qg6 23. Qxe7 Rf7 24. Qh4 Rh7 25. Re7 Rxe7 
26. Qxe7 Be8 27. Bxh5 Qxh5 28. Qxd6 Bf7 29. Re1 Rg8 30. Qe5+ Kh7 31. Re3 Qg5 
32. g3 Qh5 33. Kh2 Rg6 34. Ne2 Rg5 35. Qe7 Rg7 36. Nf4 Qd1 
37. Qf6 $6 (37. Qe5 Qf1 38. Qxf5+ Kg8 39. Ne6 Rh7 40. Ng5 Rg7 41. Nxf7 Rxf7 
42. Re8+ )1-0

[Event "Cto de Aragon por Equipos - Preferente Grupo II"]
[Site ""]
[Date "2022.02.26"]
[Round "5.58"]
[White "Arrieta Restrepo, Steven"]
[Black "Munoz Bornao, Miguel Angel"]
[Result "1-0"]
[WhiteElo "2031"]
[BlackElo "1670"]
[PlyCount "0"]
[WhiteTeam "Monzon"]
[BlackTeam "Shatranj"]
[EventDate "2022.01.29"]

1. e4 c5 2. Nc3 e6 3. Nf3 Nc6 4. d4 cxd4 5. Nxd4 a6 6. Be2 Nf6 7. O-O Be7 
8. Bf4 d6 9. Nb3 O-O 10. Bf3 Qc7 11. a4 b6 12. Be3 Bb7 13. a5 bxa5 14. Ra4 Ne5 
15. Nxa5 Rfd8 16. Nxb7 Qxb7 17. Ra2 d5 18. exd5 Nxf3+ 19. Qxf3 Nxd5 
20. Nxd5 Qxd5 21. Qxd5 Rxd5 22. Rfa1 a5 23. Kf1 Bf6 24. c4 Rdd8 25. Bb6 Rdb8 
26. c5 g6 27. Ke2 a4 28. Rxa4 Rxa4 29. Rxa4 Bxb2 30. Kd3 Kf8 31. Kc4 Ke8 
32. Kb5 Be5 33. h3 Bc7 34. Kc6 Bd8 35. Bxd8 Rxd8 36. Ra7 Rc8+ 37. Kb6 Rb8+ 
38. Kc7 Rb1 39. c6 Ke7 40. Kc8+ 1-0

[Event "Cto de Aragon por Equipos - Preferente Grupo II"]
[Site ""]
[Date "2022.02.26"]
[Round "5.59"]
[White "Santos Hernandez, Higinio"]
[Black "Barranco Mananet, Fernando"]
[Result "0-1"]
[WhiteElo "1418"]
[BlackElo "1981"]
[PlyCount "0"]
[WhiteTeam "Shatranj"]
[BlackTeam "Monzon"]
[EventDate "2022.01.29"]

1. d4 Nf6 2. Bg5 d5 3. e3 g6 4. Bxf6 exf6 5. Nf3 Be6 6. Bd3 Bg7 7. e4 dxe4 
8. Bxe4 c6 9. c3 O-O 10. O-O Re8 11. Re1 Bg4 12. h3 f5 13. hxg4 fxe4 
14. Ne5 Bxe5 15. dxe5 Qxd1 16. Rxd1 Na6 17. b4 Rxe5 18. Rd7 b6 19. Nd2 Rd5 
20. Nxe4 Rxd7 21. Nf6+ Kg7 22. Nxd7 Re8 23. Kf1 f6 24. a4 Rd8 25. Rd1 Nb8 
26. Re1 Rxd7 0-1

[Event "Cto de Aragon por Equipos - Preferente Grupo II"]
[Site ""]
[Date "2022.02.26"]
[Round "5.60"]
[White "Hidalgo Gracia, Andres"]
[Black "Alvaro Rada, Gonzalo"]
[Result "1-0"]
[WhiteElo "1817"]
[BlackElo "1272"]
[PlyCount "0"]
[WhiteTeam "Monzon"]
[BlackTeam "Shatranj"]
[EventDate "2022.01.29"]

1. e4 c6 2. d4 d5 3. exd5 Qxd5 4. c4 Qa5+ 5. Nc3 Nf6 6. Bd3 Bg4 7. Nge2 Nbd7
 8. O-O e6 9. Qb3 Qb6 10. Be3 Qxb3 11. axb3 Bb4 12. Ng3 g6 13. h3 Bh5 
14. Nge4 Nxe4 15. Nxe4 f5 16. Ng5 Bd6 17. Nxe6 1-0

[Event "Cto de Aragon por Equipos - Preferente Grupo II"]
[Site ""]
[Date "2022.02.26"]
[Round "5.61"]
[White "Aribau Rivas, Miguel Angel"]
[Black "Gutierrez Mingueza, Ruben"]
[Result "1-0"]
[WhiteElo "2024"]
[BlackElo "2043"]
[PlyCount "0"]
[WhiteTeam "Fraga"]
[BlackTeam "San Jose"]
[EventDate "2022.01.29"]


1. e4 c5 2. Nf3 Nc6 3. d4 cxd4 4. Nxd4 Nf6 5. Nc3 e5 6. Ndb5 d6 7. Nd5 Nxd5 8.
exd5 Nb8 9. Qf3 Be7 10. Qc3 Na6 11. Be3 f5 12. f4 exf4 13. Bxf4 O-O 14. O-O-O
Nc5 15. Qe1 Re8 16. Qg3 Ne4 17. Qf3 a6 18. Nd4 Qa5 19. Kb1 Bf6 20. Nb3 Qb6 21.
Bd3 a5 22. Bxe4 Rxe4 23. c3 Bd7 24. Rhe1 Rae8 25. Rxe4 Rxe4 26. g3 g6 27. Nd2
Ra4 28. Qd3 Bb5 29. Qe3 Qa6 30. Qe6+ Kg7 31. Qxd6 1-0

[Event "Cto de Aragon por Equipos - Preferente Grupo II"]
[Site ""]
[Date "2022.02.26"]
[Round "5.62"]
[White "Ferreruela Romero, Jose Joaquin"]
[Black "Chine Infantes, Miguel Angel"]
[Result "1-0"]
[WhiteElo "2007"]
[BlackElo "1811"]
[PlyCount "0"]
[WhiteTeam "San Jose"]
[BlackTeam "Fraga"]
[EventDate "2022.01.29"]

1. d4 b6 2. Nf3 Bb7 3. g3 e6 4. Bg2 Nf6 5. O-O d5 6. b3 Bd6 7. Bb2 O-O 8. Ne5
Nbd7 9. c4 Rb8 10. Qc2 c5 11. Nxd7 Nxd7 12. cxd5 Bxd5 13. Bxd5 exd5 14. dxc5
bxc5 15. Rd1 Nb6 16. Nc3 Be5 17. Nxd5 Bxb2 18. Nxb6 Bxa1 19. Rxd8 Rfxd8 20. Nc4
Bf6 21. Kg2 h6 22. Qf5 Rbc8 23. e4 Bd4 24. e5 Rc6 25. Nd6 Bxe5 26. Nxf7 Rf6 27.
Nxh6+ Rxh6 28. Qxe5 Rc6 29. h4 Rdc8 30. Qd5+ Kh8 31. Qc4 Rd8 32. Qf7 c4 33.
bxc4 Rdc8 34. Qxa7 Rxc4 35. Qf7 R4c5 36. g4 Ra8 37. Kg3 Rca5 38. g5 Ra3+ 39.
Kg4 R8a5 40. f4 Rxa2 41. Qh5+ Kg8 42. g6 Rg2+ 43. Kf3 Raa2 44. Qd5+ 1-0

[Event "Cto de Aragon por Equipos - Preferente Grupo II"]
[Site ""]
[Date "2022.02.26"]
[Round "5.63"]
[White "Casas Chine, German"]
[Black "Palomar Ramon, Santiago"]
[Result "0-1"]
[WhiteElo "1775"]
[BlackElo "1900"]
[PlyCount "0"]
[WhiteTeam "Fraga"]
[BlackTeam "San Jose"]
[EventDate "2022.01.29"]

1. e4 e5 2. Nf3 Nc6 3. Bb5 Nge7 4. d4 exd4 5. Nxd4 g6 6. Bg5 Bg7 7. c3 O-O 8.
O-O Nxd4 9. cxd4 c6 10. Ba4 d5 11. e5 f6 12. exf6 Bxf6 13. Bxf6 Rxf6 14. Nc3
Qd6 15. Qd2 Kg7 16. Rfe1 Bd7 17. Re2 Raf8 18. Rae1 R8f7 19. Bc2 Nf5 20. Bxf5
Rxf5 21. Qe3 h5 22. Na4 b6 23. b3 Qf6 24. Nb2 Rf4 25. Rd1 Re4 26. Qd2 Rxe2 27.
Qxe2 Re7 28. Qd2 Bc8 29. Na4 Ba6 30. Nc3 g5 31. b4 Bc4 32. a3 Qf4 33. Qc2 Qxd4
34. g3 Qf6 35. Qd2 b5 36. Re1 Rxe1+ 37. Qxe1 g4 38. Qd2 Kg6 39. Qc2+ Qf5 40.
Qd2 Qe5 41. Qc2+ Kf6 42. Qd2 Kg7 43. Kg2 d4 44. Nd1 Qe4+ 45. Kg1 Kg6 46. Nb2
Qb1+ 47. Nd1 Bb3 0-1

[Event "Cto de Aragon por Equipos - Preferente Grupo II"]
[Site ""]
[Date "2022.02.26"]
[Round "5.64"]
[White "Obon Zuniga, Francisco"]
[Black "Canales Navarro, Carlos"]
[Result "0-1"]
[WhiteElo "1785"]
[BlackElo "1541"]
[PlyCount "0"]
[WhiteTeam "San Jose"]
[BlackTeam "Fraga"]
[EventDate "2022.01.29"]

1. d4 Nf6 2. c4 e6 3. Nf3 d5 4. Nc3 Bb4 5. cxd5 exd5 6. Bg5 c6 7. Qc2 a5 8. e3
h6 9. Bh4 Be7 10. Bd3 O-O 11. h3 Re8 12. O-O Nbd7 13. Bg3 Bf8 14. Rab1 Qe7 15.
Bh4 Qd6 16. Bg3 Qe7 17. Nd2 b5 18. Rbe1 Bb7 19. f3 b4 20. Na4 Ba6 21. e4 Bxd3
22. Qxd3 Qd8 23. Bh4 Qc7 24. e5 Nh7 25. f4 c5 26. Bf2 c4 27. Qf3 Qc6 28. b3 c3
29. Nc4 f6 30. Ne3 fxe5 31. dxe5 Rac8 32. Qxd5+ Qxd5 33. Nxd5 Bc5 34. Rc1 Bxf2+
35. Kxf2 Nc5 36. Nxc5 Rxc5 37. Ne3 Nf8 38. Rfd1 Ne6 39. g3 Kf7 40. Nf5 Rd8 41.
Nd6+ Ke7 42. Ke3 g6 43. h4 h5 44. Ke4 Rd7 45. Rd5 Rdc7 46. Nc4 a4 47. Nb6 axb3
48. axb3 Rb7 49. Na4 Rc6 50. Rc2 Nc7 51. Rc5 Ra6 52. Rc4 Ne6 53. Nc5 Nxc5+ 54.
Rxc5 Ra3 55. Rc6 Kf7 56. Kd5 Rxb3 57. Rf6+ Kg7 58. Ra6 Rb1 59. Kc6 Rb8 60. Ra7+
Kg8 61. e6 Re1 62. e7 Kf7 63. e8=Q+ Kxe8 64. Rh7 Rd8 65. Rh8+ Ke7 66. Rh7+ Kf6
67. Rb7 Re4 68. Kb5 Rd3 69. Ka4 Rxg3 70. Rb6+ Kf5 71. Rf2 Rg4 72. Rb5+ Kf6 73.
Rb6+ Kg7 74. Rb7+ Kh6 75. f5 Ref4 76. Re2 Rxf5 77. Re8 Rxh4 78. Rg8 Rf6 79.
Rh8+ Kg5 80. Rc8 Rhf4 81. Rc5+ Kg4 82. Rcb5 h4 0-1

[Event "Cto de Aragon por Equipos - Preferente Grupo II"]
[Site ""]
[Date "2022.02.26"]
[Round "5.65"]
[White "Avellanas Pau, Miguel Angel"]
[Black "Carrasquer Alonso, Fernando"]
[Result "0-1"]
[WhiteElo "1824"]
[BlackElo "1875"]
[PlyCount "0"]
[WhiteTeam "Enroque de Barbastro"]
[BlackTeam "Jaque - Pirenauto B"]
[EventDate "2022.01.29"]

1. e4 e5 2. Nf3 d6 3. d4 Nd7 4. Bc4 c6 5. O-O Be7 6. a4 Ngf6 7. Nc3 O-O 8. Bg5
Qc7 9. Bb3 b6 10. Ne2 exd4 11. Nexd4 Nc5 12. Nxc6 Qxc6 13. Bxf6 Nxb3 14. Bxe7
Nxa1 15. Bxf8 Kxf8 16. Qxa1 Qxe4 17. Qa3 Qc6 18. Rd1 Qc5 19. Rxd6 Qxa3 20. bxa3
Ke7 21. Rd4 Bb7 22. Ng5 Rc8 23. Nxf7 Rxc2 24. h3 Rc3 25. Ne5 Bc8 26. Rd3 Rxd3
27. Nxd3 Kd6 28. f3 Kd5 29. Kf2 Kc4 30. Ne5+ Kb3 31. a5 bxa5 32. Nc6 a4 33.
Nxa7 Bd7 0-1

[Event "Cto de Aragon por Equipos - Preferente Grupo II"]
[Site ""]
[Date "2022.02.26"]
[Round "5.66"]
[White "Carrasquer Alonso, Luis"]
[Black "Sanclemente Aragues, Angel"]
[Result "1-0"]
[WhiteElo "1822"]
[BlackElo "1605"]
[PlyCount "0"]
[WhiteTeam "Jaque - Pirenauto B"]
[BlackTeam "Enroque de Barbastro"]
[EventDate "2022.01.29"]

1. e4 c6 2. Nf3 d5 3. exd5 cxd5 4. d4 e6 5. Bd3 Nc6 6. c3 Nf6 7. Nbd2 a6 8. O-O
b5 9. Re1 Bd6 10. b4 Bb7 11. Nb3 Rc8 12. a4 Na7 13. Nc5 Bxc5 14. bxc5 O-O 15.
Bg5 h6 16. Bh4 g5 17. Nxg5 hxg5 18. Bxg5 Kg7 19. Re3 Rh8 20. Rf3 Rh6 21. Qd2
Qh8 22. Bxh6+ Qxh6 1-0

[Event "Cto de Aragon por Equipos - Preferente Grupo II"]
[Site ""]
[Date "2022.02.26"]
[Round "5.67"]
[White "Jimenez Azlor, Hugo"]
[Black "Montoro Mavilla, Sergio"]
[Result "0-1"]
[WhiteElo "1554"]
[BlackElo "1784"]
[PlyCount "0"]
[WhiteTeam "Enroque de Barbastro"]
[BlackTeam "Jaque - Pirenauto B"]
[EventDate "2022.01.29"]

1. e4 e6 2. Nf3 c5 3. d4 cxd4 4. Nxd4 a6 5. Bd3 Nc6 6. Nb3 Bb4+ 7. Bd2 Be7 8.
a3 Nf6 9. O-O d6 10. Qe2 e5 11. c4 O-O 12. Nc3 Be6 13. Rab1 Nd7 14. Be3 Bg5 15.
Kh1 Bxe3 16. Qxe3 Qb6 17. Qxb6 Nxb6 18. Nd5 Na4 19. Rfd1 Rac8 20. Na1 Bxd5 21.
cxd5 Nd4 22. Re1 Rc7 23. b3 Nc5 24. Bf1 Rfc8 25. f3 Nd7 26. Kg1 Rc3 27. Kf2 g6
28. Rb2 Kg7 29. Reb1 f5 30. Re1 fxe4 31. fxe4 Nc5 32. Reb1 Nxe4+ 0-1

[Event "Cto de Aragon por Equipos - Preferente Grupo II"]
[Site ""]
[Date "2022.02.26"]
[Round "5.68"]
[White "Torrente Gayarre, Lorenzo"]
[Black "Gracia Noguero, Javier"]
[Result "1-0"]
[WhiteElo "1624"]
[BlackElo "1370"]
[PlyCount "0"]
[WhiteTeam "Jaque - Pirenauto B"]
[BlackTeam "Enroque de Barbastro"]
[EventDate "2022.01.29"]

1. d4 d5 2. Nf3 Nf6 3. e3 e6 4. Bd3 b6 5. b3 Bb7 6. O-O Bd6 7. c4 Nbd7 8. Bb2
O-O 9. Nbd2 Rc8 10. Re1 Qe7 11. e4 dxe4 12. Nxe4 Nxe4 13. Bxe4 Bxe4 14. Rxe4 f5
15. Re2 c6 16. Qd3 Rf6 17. Rae1 Bb4 18. Bc3 Bxc3 19. Qxc3 Re8 20. Ng5 Qd6 21.
Qg3 Qxd4 22. Nf3 Qc5 23. Qc7 Qe7 24. Qxc6 e5 25. Qc7 e4 26. Nd4 Nc5 27. Qxe7
Rxe7 28. Nc2 Nd3 29. Rd1 g6 30. Ne3 Rd6 31. Nd5 Red7 32. f3 Nf4 33. Red2 Nxd5
34. fxe4 fxe4 35. Rxd5 Rxd5 36. cxd5 Kf7 37. Kf2 Kf6 38. Ke3 Ke5 39. d6 g5 40.
b4 b5 41. g4 h6 42. Rd2 Rxd6 43. Rxd6 Kxd6 44. Kxe4 Ke6 45. a3 a6 46. h3 Kd6
47. Kf5 Kd5 48. Kg6 Kc4 49. Kxh6 Kb3 50. Kxg5 Kxa3 51. h4 Kxb4 52. h5 Ka3 53.
h6 b4 54. h7 a5 55. h8=Q Ka2 56. Qh2+ Ka3 57. Kf4 b3 58. Qh3 Ka2 59. Qg2+ Ka3
60. g5 b2 61. Qf3+ Kb4 62. Qb7+ Ka3 63. g6 a4 64. Qe7+ Ka2 65. Qe6+ Ka3 66.
Qd6+ Ka2 67. Qd5+ Ka3 68. Qc5+ Ka2 69. Qc4+ Ka3 70. Qc3+ Ka2 71. Qb4 a3 72. g7
b1=Q 73. g8=Q+ Ka1 1-0

[Event "Cto de Aragon por Equipos - Preferente Grupo II"]
[Site ""]
[Date "2022.02.26"]
[Round "5.69"]
[White "Iglesias Fernandez, Luis"]
[Black "Gracia Campo, Carlos Alberto"]
[Result "1-0"]
[WhiteElo "1856"]
[BlackElo "2019"]
[PlyCount "0"]
[WhiteTeam "Palacio De Pioneros C"]
[BlackTeam "El Olivar B"]
[EventDate "2022.01.29"]

1. e4 d6 2. Nc3 Nf6 3. d4 g6 4. f4 Bg7 5. Nf3 c5 6. dxc5 Qa5 7. Qd3 dxc5 8.
Qb5+ Qxb5 9. Bxb5+ Bd7 10. e5 Ng4 11. h3 Nh6 12. Be3 Bxb5 13. Nxb5 Na6 14.
O-O-O O-O 15. Rd7 Nf5 16. Bf2 Bh6 17. g3 b6 18. Rhd1 Nb4 19. c3 Nc6 20. Kc2 f6
21. e6 a6 22. Nc7 Ra7 23. Nd5 Ng7 24. Nxe7+ Nxe7 25. Rxa7 Nc8 26. e7 Nxa7 27.
exf8=Q+ Kxf8 28. Rd6 Ke7 29. Rxb6 Nc8 30. Bxc5+ Kd7 31. Rxa6 Ne6 32. Bd4 Bg7
33. b4 Nc7 34. Rxf6 Bxf6 35. Bxf6 Nd5 36. Bd4 Nd6 37. a4 Kc6 38. Ng5 h6 39. Ne6
Ne4 40. b5+ Kd6 41. Nf8 Nxg3 42. Nxg6 Nf5 43. Kd3 Ke6 44. a5 Nd6 45. c4 Nb4+
46. Kc3 Na2+ 47. Kb2 Nb4 48. Kb3 Nd3 49. Kc3 Nc1 50. a6 Ne4+ 51. Kc2 Ne2 52.
Kd3 1-0

[Event "Cto de Aragon por Equipos - Preferente Grupo II"]
[Site ""]
[Date "2022.02.26"]
[Round "5.70"]
[White "Galve Guinea, Alejandro"]
[Black "Quintero Rodriguez, John"]
[Result "1/2-1/2"]
[WhiteElo "1984"]
[BlackElo "1783"]
[PlyCount "0"]
[WhiteTeam "El Olivar B"]
[BlackTeam "Palacio De Pioneros C"]
[EventDate "2022.01.29"]

1. d4 d5 2. Nf3 Nf6 3. c4 e6 4. Nc3 Be7 5. Bg5 O-O 6. e3 b6 7. Rc1 h6 8. Bh4 a6
9. Bd3 dxc4 10. Bxc4 b5 11. Be2 Bb7 12. O-O c5 13. Bxf6 gxf6 14. dxc5 Qc7 15.
b4 Nc6 16. Qb3 Ne5 17. Nxe5 Qxe5 18. e4 f5 19. exf5 Qxf5 20. Qc2 Qg5 21. g3
Rac8 22. Rfd1 Rfd8 23. Rxd8+ Bxd8 24. Rd1 Bc6 25. Qd2 Qxd2 26. Rxd2 Bc7 27. h4
Rd8 28. Rxd8+ Bxd8 29. Bd3 Bf6 30. Ne2 Kf8 1/2-1/2

[Event "Cto de Aragon por Equipos - Preferente Grupo II"]
[Site ""]
[Date "2022.02.26"]
[Round "5.71"]
[White "Cacho Almorin, Javier"]
[Black "Bailo Remacha, Santiago"]
[Result "0-1"]
[WhiteElo "1648"]
[BlackElo "1940"]
[PlyCount "0"]
[WhiteTeam "Palacio De Pioneros C"]
[BlackTeam "El Olivar B"]
[EventDate "2022.01.29"]

1. e4 c5 2. Nf3 d6 3. d4 cxd4 4. Nxd4 Nf6 5. Nc3 a6 6. Be2 e6 7. O-O Be7 8. f4
Nbd7 9. Nf3 b5 10. a3 Bb7 11. e5 Qb6+ 12. Kh1 Ng4 13. Qd4 Qxd4 14. Nxd4 dxe5
15. Nxe6 fxe6 16. Bxg4 exf4 17. Bxf4 e5 18. Bxd7+ Kxd7 19. Bxe5 Rhf8 20. Rfd1+
Ke6 21. Bg3 Rad8 22. Ne2 g5 23. c3 h5 24. Nd4+ Kf7 25. h3 h4 26. Bh2 g4 27.
hxg4 h3 0-1

[Event "Cto de Aragon por Equipos - Preferente Grupo II"]
[Site ""]
[Date "2022.02.26"]
[Round "5.72"]
[White "Munoz Valles, Jorge"]
[Black "Bruna Barranco, Ignacio"]
[Result "1-0"]
[WhiteElo "1851"]
[BlackElo "1604"]
[PlyCount "0"]
[WhiteTeam "El Olivar B"]
[BlackTeam "Palacio De Pioneros C"]
[EventDate "2022.01.29"]

1. d4 d5 2. c4 c6 3. Nf3 Nf6 4. Nc3 dxc4 5. a4 Bf5 6. e3 e6 7. Bxc4 Bb4 8. O-O
Nbd7 9. Qe2 Bg4 10. e4 Nb6 11. Rd1 Bxc3 12. bxc3 Bxf3 13. gxf3 Nxc4 14. Qxc4
Qd7 15. Ba3 h5 16. Kh1 g5 17. Rg1 Rg8 18. Qc5 g4 19. e5 Nd5 20. fxg4 b6 21.
gxh5 Rh8 22. Qd6 Qxd6 23. Bxd6 Nxc3 24. Rg4 Rd8 25. Re1 Nd5 26. Rh4 Kd7 27. Rg1
Rh7 28. h6 Ne7 29. Rg7 Rdh8 30. Bxe7 Kxe7 31. Rf4 Rxg7 32. hxg7 Rg8 33. Rg4 f5
34. Rg3 Kf7 35. h3 Rxg7 36. Rc3 Rh7 37. Kg2 Rh4 38. Rxc6 Rxd4 39. Rc7+ Kg6 40.
Rxa7 Re4 41. Ra6 Rxe5 42. Rxb6 f4 43. Kf3 Kf6 44. Rb5 Re1 45. Kxf4 e5+ 46. Kf3
Kf5 47. Rb8 Ra1 48. Ra8 e4+ 49. Ke2 Ra2+ 50. Ke3 Ra3+ 51. Kd4 Rd3+ 52. Kc4 Rxh3
53. a5 Rf3 54. Rf8+ Kg4 55. Rxf3 exf3 56. a6 Kh3 57. Kd4 1-0

[Event "Campeonato de Aragon por Equipos - Division de Honor"]
[Site ""]
[Date "2022.03.05"]
[Round "6.1"]
[White "Eizaguerri Floris, Maria"]
[Black "Zambrana Petisme, Ramiro"]
[Result "1/2-1/2"]
[WhiteElo "2215"]
[BlackElo "2106"]
[PlyCount "0"]
[WhiteTeam "Helios"]
[BlackTeam "Palacio De Pioneros B"]
[EventDate "2022.01.29"]


1. e4 c5 2. Nf3 g6 3. d4 cxd4 4. Nxd4 Bg7 5. c4 Nc6 6. Be3 Nf6 7. Nc3 d6 8. Be2
O-O 9. O-O Bd7 10. h3 a5 11. Ndb5 a4 12. Qd2 Qa5 13. Rad1 Rfc8 14. f4 Be6 15.
g4 Nb4 16. b3 axb3 17. axb3 Na6 18. f5 Bd7 19. g5 Nxe4 20. Nxe4 Qxd2 21. Nxd2
Bxf5 22. Bf3 Bxh3 23. Rf2 Rcb8 24. Nf1 Nc5 25. b4 Ne6 26. Kh2 Bf5 27. Ba7 Be5+
28. Kh1 Nxg5 29. Bg2 Rc8 30. Bxb7 Be4+ 31. Bxe4 Nxe4 32. Rc2 h5 33. Kg2 h4 34.
Ne3 Nf6 35. Kh3 Bg3 36. Rf1 Ne4 37. Nd5 Kf8 38. Nb6 Rxa7 39. Nxa7 Rc7 40. Nb5
Rc6 41. Nd5 f5 42. Nd4 Ra6 43. b5 Ra3 44. Kg2 h3+ 45. Kh1 Be5 46. Ne2 e6 47.
Nc7 Re3 48. Nxe6+ Ke7 49. N6f4 Bxf4 50. Rxf4 g5 51. Rxf5 g4 52. b6 g3 53. b7
Nf2+ 54. Rxf2 gxf2 55. Rc1 Rxe2 56. b8=Q Re1+ 57. Kh2 f1=Q 58. Qb7+ Kf6 59.
Qb2+ Ke7 60. Qb7+ Kf6 61. Rxe1 Qxe1 62. Qf3+ Ke7 63. Qb7+ 1/2-1/2